000 00580nam a2200205Ia 4500
005 20250923145150.0
008 008 250917s9999 xx 000 0 eng d
037 _aTextual
040 _aDSWL
_beng
_cDSWL
041 _aeng
_2eng
084 _qDSWL
100 _aKlausen, Arne Martin
_9832445
245 0 _aKerala Fiermen and the Indo Novwegian - Pilot project
_cby Arne Martin Klausen
260 _aNorway
_bUniversitets for Leget, Oslo
_c1968
300 _avii,303p.
365 _aINR
_b45
925 _g45
942 _cTEXL
999 _c1447952
_d1447952